000 00569nam a2200217 i 4500
001 bgj
100 1 _aSCHELSKY, Helmut.
245 1 0 _aDie Hoffnung Blochs :
_bKritik der marxistischen Existenzphilosophie eines Jugendbewegten /
_cHelmut Schelsky.
260 _aStuttgart :
_bKlett-Cotta,
_c1979.
300 _a234 s. ;
_c20 cm.
504 _aIndeks.
650 9 _aFilozofia
020 _a312911730X
040 _cBPK
041 0 _ager
044 _aDEU
080 _a1
920 _a3-12-911730-X
942 _cKS
008 s gw f |000 0 ger
999 _c50720
_d50720
856 _uhttp://koha.tu.koszalin.pl/cgi-bin/koha/opac-detail.pl?biblionumber=50720
_yKatalog online BPK